000 00603cam a22002291 4500
001 sa 65006643
003 DLC
005 20260227112143.0
008 890108s1964 io a 000 0 dut
010 _asa 65006643
035 _a(OCoLC)23404451
040 _aDLC
_cMiU
_dDLC
042 _apremarc
043 _aa-io---
050 0 0 _aHF3807
_b.L6
100 1 _aLombogia, D.
245 1 0 _aBuku prosedur impor,
260 _aDjakarta,
_c1964.
300 _aiii, iv, 373 p.
_billus.
_c34 cm.
651 0 _aIndonesia
_xCommerce
_vHandbooks, manuals, etc.
710 1 _aIndonesia.
_kLaws, statutes, etc.
999 _c64760
_d64760